|
|
|
|
| LEADER |
02260cas a2200265 a 4500 |
| 001 |
AALejournalIMF014778 |
| 008 |
230101c9999 xx r poo 0 0eng d |
| 020 |
|
|
|c 5.00 USD
|
| 020 |
|
|
|z 9781484346143
|
| 022 |
|
|
|a 1018-5941
|
| 040 |
|
|
|a BD-DhAAL
|c BD-DhAAL
|
| 100 |
1 |
|
|a Jarmuzek, Mariusz.
|
| 245 |
1 |
0 |
|a Designing a Fiscal Framework for a Prospective Commodity Producer :
|b Options for Lebanon /
|c Mariusz Jarmuzek, Diego Mesa Puyo, Najla Nakhle.
|
| 264 |
|
1 |
|a Washington, D.C. :
|b International Monetary Fund,
|c 2014.
|
| 300 |
|
|
|a 1 online resource (33 pages)
|
| 490 |
1 |
|
|a IMF Working Papers
|
| 500 |
|
|
|a <strong>Off-Campus Access:</strong> No User ID or Password Required
|
| 500 |
|
|
|a <strong>On-Campus Access:</strong> No User ID or Password Required
|
| 506 |
|
|
|a Electronic access restricted to authorized BRAC University faculty, staff and students
|
| 520 |
3 |
|
|a Lebanon is expected to have gas resources in its Mediterranean basin, and these could turn the country into a natural gas producer over the next decade. Lebanon's economy and institutions will thus need to adapt to the challenges and opportunities that such change will bring. In this paper, we address how Lebanon's fiscal framework will need to be reformulated to take into account potential resource revenue. Designing a fiscal regime appropriately is an absolute prerequisite to make sure the government can receive a fair share of the resources while investors face appropriate incentives to invest and develop the sector. This step should be followed by setting macro-fiscal anchors and supporting institutions. The prospective framework should initially be focused on ensuring fiscal sustainability and intergenerational equity, given the estimated relatively short horizon of Lebanon's gas resources. Strong institutional arrangements also need to underpin the prospective framework, to ensure that the pace of resource wealth's use is set in line with Lebanon's capacity constraints.
|
| 538 |
|
|
|a Mode of access: Internet
|
| 700 |
1 |
|
|a Mesa Puyo, Diego.
|
| 700 |
1 |
|
|a Nakhle, Najla.
|
| 830 |
|
0 |
|a IMF Working Papers; Working Paper ;
|v No. 2014/193
|
| 856 |
4 |
0 |
|z Full text available on IMF
|u http://elibrary.imf.org/view/journals/001/2014/193/001.2014.issue-193-en.xml
|z IMF e-Library
|